000
00330 a2200109 4500
001
ART_9756
005
20260410161653.0
008
260409a
245
1
0
_a
Innovación estratégica y creación de valor
100
1
_a
Hamel, Gary
773
0
_t
Harvard Deusto Business Review
_g
- Nº 84 (may./jun. 1998)
_w
REV521
999
_c
14429
_d
14429